000 00522 a2200169 4500
999 _c205818
_d205818
005 20210325153528.0
008 210222b ||||| |||| 00| 0 eng d
020 _a9780942702613
040 _cLC
050 _aLB 1139.35.A37
_bART 2016
245 _a The art of leadership :
_bpromoting early childhood services /
_cby Exchange press
260 _aRedmond, WA :
_bExchange Press,
_c2016.
300 _a128 pages.
650 _aEarly childhood education
_xActivity programs
710 _aExchange press
942 _cBOOK